Timelessness and the reality of fate

Bibliographic Details
Main Author: Harun Yahya
Format: Book
Published: New Delhi : Goodword Books , 2003
Subjects:

MARC

LEADER 00000cam a2200000 7i4500
001 0000027618
005 20091008.0
008 091008
020 |a 8178980142 
090 0 0 |a 297.23   |b HAR 
100 0 |a Harun Yahya 
245 1 0 |a Timelessness and the reality of fate   |c Harun Yahya 
260 |a New Delhi :   |b Goodword Books ,   |c 2003 
650 0 |a Creation (Islam) 
650 0 |a Matter   |x Religious aspects   |x Islam 
650 0 |a Time   |x Religious aspects   |x Islam 
999 |a 0001059081   |b Book   |c Adult Collection   |e Perbadanan Perpustakaan Awam Johor